000 00565nam a2200193 a 4500
001 000042259
005 20240530073922.0
008 131120s1997 xxu 000 f spa d
040 _aDO-SdBNP
_bspa
_cBNPHU
082 _aRD863.44
_bP592a
100 1 _aPichardo, Simeón
_969288
245 1 3 _aEl abuelo. /
_cSimeón Pichardo.
260 _aNew York :
_bTeófilo,
_c1997.
300 _a197 p. ;
_c21 cm.
590 _aInventariado, 2020/MFF
650 0 _aNovela dominicana
_9223
650 0 _aLiteratura dominicana.
_967
910 _aValidado. Control de calidad MFF
999 _c41748
_d41748